000 00907nam a2200265 i 4500
001 bg
245 0 0 _aPrawo papierów wartościowych /
_cred. Andrzej Szumański ; aut. Aleksander Chłopecki [et al.].
260 _aWarszawa :
_bC. H. Beck :
_bInstytut Nauk Prawnych PAN,
_c2005.
300 _aXXII, 1147 s. ;
_c25 cm.
490 1 _aSystem Prawa Prywatnego ;
_vt. 19
500 _aPublikacja uwzględnia stan prawny na dzień 15 kwietnia 2006 r.
504 _aBibliogr. przy rozdz. Indeks.
650 9 _aPapiery wartościowe
_xprawo
_zPolska
_ystan na 2006 r.
700 1 _aSZUMAŃSKI, Andrzej
_d(1957- ).
_eRed.
700 1 _aCHŁOPECKI, Aleksander
830 _aSystem Prawa Prywatnego ;
015 _aPB 19735/2005
020 _a8373876383
040 _cBPK
041 0 _apol
080 _a347.731(438)
920 _a83-7387-638-3
942 _cKS
008 s pl f |000 0 pol
999 _c51826
_d51826
856 _uhttp://koha.tu.koszalin.pl/cgi-bin/koha/opac-detail.pl?biblionumber=51826
_yKatalog online BPK